La cápsula endoscópica de colon /

Đã lưu trong:
Chi tiết về thư mục
Tác giả chính: García del Risco, Fernando (autor.)
Định dạng: eBook
Ngôn ngữ:Tiếng Tây Ban Nha
Được phát hành: Cartagena de Indias : Editorial Universitaria, 2024.
Những chủ đề:
Truy cập trực tuyến:https://elibro.unach.elogim.com/es/lc/unach/titulos/274579
Các nhãn: Thêm thẻ
Không có thẻ, Là người đầu tiên thẻ bản ghi này!

MARC

LEADER 00000nam a2200000 i 4500
001 ELB274579
003 FINmELB
005 20241002143000.5
006 m o d |
007 cr cnu||||||||
008 241002s2024 ck ob 000 0 spa d
020 |z 9789585439917 
035 |a (OCoLC)1463444319 
040 |a FINmELB  |b spa  |e rda  |c FINmELB 
050 4 |a R857.O6  |b G373 2024 
080 |a 616-072.1 
082 0 4 |a 616.07545  |2 23 
100 1 |a García del Risco, Fernando,  |e autor. 
245 1 3 |a La cápsula endoscópica de colon /  |c Fernando García del Risco. 
264 1 |a Cartagena de Indias :  |b Editorial Universitaria,  |c 2024. 
300 |a 1 recurso en línea 
336 |a texto  |b txt  |2 rdacontent/spa 
337 |a computadora  |b c  |2 rdamedia/spa 
338 |a recurso en línea  |b cr  |2 rdacarrier/spa 
504 |a Incluye referencias bibliográficas. 
588 |a Descripción basada en metadatos suministrados por el editor y otras fuentes. 
590 |a Recurso electrónico. Santa Fe, Arg.: elibro, 2024. Disponible vía World Wide Web. El acceso puede estar limitado para las bibliotecas afiliadas a elibro. 
650 4 |a Endoscopia digestiva. 
650 4 |a Enfermedades intestinales. 
650 4 |a Gastroscopia. 
650 4 |a Intestinos  |x Radiografías. 
655 4 |a Libros electrónicos. 
797 2 |a elibro, Corp. 
856 4 0 |u https://elibro.unach.elogim.com/es/lc/unach/titulos/274579